[Event "4NCL Div 1 2018-19"]
[Site "Telford"]
[Date "2019.02.10"]
[Round "6.13"]
[White "Eggleston, David J"]
[Black "Abbas, Daniel"]
[Result "1-0"]
[WhiteElo "2408"]
[BlackElo "2281"]
[Annotator "NA"]
[PlyCount "115"]
[EventDate "2018.11.10"]
[EventType "team-tourn"]
[EventCountry "GBR"]
[SourceTitle "playchess.com"]
[Source "ChessBase"]
[SourceQuality "1"]
[TimeControl "40/6000+30:3000+30"]

1. e4 {[%emt 0:06:13]} c5 {[%emt 0:00:00]} 2. Nf3 {[%emt 0:00:05]} e6 {[%emt 0:00:00]} 3. d4 {[%emt 0:00:14]} cxd4 {[%emt 0:00:00]} 4. Nxd4 {[%emt 0:00:04]} a6 {[%emt 0:00:10]} 5. Nc3 {[%emt 0:00:12]} Qc7 {[%emt 0:00:08]} 6. Bd3 {[%emt 0:00:07]} Nf6 {[%emt 0:00:05]} 7. O-O {[%emt 0:00:59]} d6 {[%emt 0:00:12]} 8. f4 {[%emt 0:00:13]} Nbd7 {[%emt 0:00:32]} 9. Kh1 {[%emt 0:00:28]} Be7 {[%emt 0:05:05]} 10. Qe2 {[%emt 0:00:19]} b5 {[%emt 0:06:06]} 11. Bd2 {[%emt 0:00:27]} O-O {[%emt 0:06:36]} 12. b4 {[%emt 0:00:52]} Bb7 {[%emt 0:03:01]} 13. a4 {[%emt 0:00:57]} bxa4 {[%emt 0:00:43]} 14. Rxa4 {[%emt 0:00:22]} Qb6 {[%emt 0:12:00]} 15. Nb3 {[%emt 0:07:11]} e5 {[%emt 0:12:18]} 16. Na5 {[%emt 0:02:36]} Bc8 {[%emt 0:02:11]} 17. Nd5 {[%emt 0:11:35]} Nxd5 {[%emt 0:00:09]} 18. exd5 {[%emt 0:00:12]} Bf6 {[%emt 0:04:51]} 19. Qe4 {[%emt 0:09:48]} g6 {[%emt 0:02:41]} 20. fxe5 {[%emt 0:01:55]} Bxe5 {[%emt 0:00:22]} 21. Nc4 {[%emt 0:01:00]} Qc7 {[%emt 0:00:35]} 22. Bh6 {[%emt 0:06:15]} f5 {[%emt 0:04:06]} 23. Qh4 {[%emt 0:00:43]} Rf7 {[%emt 0:04:09]} 24. b5 {[%emt 0:17:28]} Bb7 {[%emt 0:08:01]} 25. bxa6 {[%emt 0:15:50]} Bxd5 {[%emt 0:02:26]} 26. Ne3 {[%emt 0:02:23]} Be6 {[%emt 0:02:45]} 27. Bc4 {[%emt 0:01:39]} Bxc4 {[%emt 0:05:30]} 28. Nxc4 {[%emt 0:04:48]} Bf6 {[%emt 0:09:25]} 29. Qg3 {[%emt 0:06:19]} Qc6 {[%emt 0:03:57]} 30. Qa3 {[%emt 0:05:03]} Nc5 {[%emt 0:02:50]} 31. Rb4 {[%emt 0:02:51]} Qxa6 {[%emt 0:04:41]} 32. Qxa6 {[%emt 0:01:08]} Nxa6 {[%emt 0:00:08]} 33. Ra4 {[%emt 0:00:07]} Nc7 {[%emt 0:02:37]} 34. Rxa8+ {[%emt 0:00:21]} Nxa8 {[%emt 0:00:06]} 35. Rb1 {[%emt 0:01:02]} Bg7 {[%emt 0:00:12]} 36. Bf4 {[%emt 0:03:35]} d5 {[%emt 0:02:14]} 37. Ne5 {[%emt 0:00:41]} Rf8 {[%emt 0:00:59]} 38. Nd7 {[%emt 0:01:21]} Rc8 {[%emt 0:01:25]} 39. h3 {[%emt 0:01:08]} h6 {[%emt 0:02:47]} 40. Rb7 {[%emt 0:00:38]} g5 {[%emt 0:00:58]} 41. Be5 {[%emt 0:05:25]} Rd8 {[%emt 0:12:54]} 42. Nf6+ {[%emt 0:09:16]} Kh8 {[%emt 0:05:05]} 43. c3 {[%emt 0:00:58]} Rc8 {[%emt 0:04:40]} 44. Rd7 {[%emt 0:02:59]} Rf8 {[%emt 0:05:17]} 45. Nh7 {[%emt 0:01:15]} Rg8 {[%emt 0:00:37]} 46. Nf8 {[%emt 0:00:10]} Nb6 {[%emt 0:02:46]} 47. Rxg7 {[%emt 0:02:31]} Rxg7 {[%emt 0:00:20]} 48. Ne6 {[%emt 0:00:05]} f4 {[%emt 0:01:09]} 49. Bxg7+ {[%emt 0:00:19]} Kh7 {[%emt 0:00:10]} 50. Bd4 {[%emt 0:00:14]} Nd7 {[%emt 0:00:12]} 51. Nc7 {[%emt 0:00:18]} Kg6 {[%emt 0:00:14]} 52. Nxd5 {[%emt 0:00:14]} Kf5 {[%emt 0:00:12]} 53. Kg1 {[%emt 0:01:17]} h5 {[%emt 0:00:11]} 54. Kf2 {[%emt 0:00:31]} g4 {[%emt 0:00:10]} 55. h4 {[%emt 0:00:13]} Nf8 {[%emt 0:00:37]} 56. g3 {[%emt 0:04:08]} fxg3+ {[%emt 0:01:50]} 57. Kxg3 {[%emt 0:00:13]} Ng6 {[%emt 0:00:22]} 58. Bg7 {[%emt 0:01:07]} 1-0

[Event "4NCL Div 1 2018-19"]
[Site "Telford"]
[Date "2019.02.10"]
[Round "6.13"]
[White "D'Costa, Lorin A R"]
[Black "Fernandez, Daniel Howard"]
[Result "1/2-1/2"]
[WhiteElo "2402"]
[BlackElo "2471"]
[Annotator "RC"]
[PlyCount "67"]
[EventDate "2018.11.10"]
[EventType "team-tourn"]
[EventCountry "GBR"]
[SourceTitle "playchess.com"]
[Source "ChessBase"]
[SourceQuality "1"]
[TimeControl "40/6000+30:3000+30"]

1. Nf3 {[%emt 0:05:22]} d6 {[%emt 0:06:51]} 2. d4 {[%emt 0:06:25]} g6 {[%emt 0:02:43]} 3. g3 {[%emt 0:00:33]} Bg7 {[%emt 0:00:03]} 4. Bg2 {[%emt 0:00:10]} e5 {[%emt 0:01:02]} 5. Nc3 {[%emt 0:03:57]} h6 {[%emt 0:02:36]} 6. dxe5 {[%emt 0:07:08]} dxe5 {[%emt 0:00:04]} 7. Qxd8+ {[%emt 0:00:15]} Kxd8 {[%emt 0:00:03]} 8. Be3 {[%emt 0:00:13]} Ne7 {[%emt 0:01:54]} 9. O-O-O+ {[%emt 0:00:33]} Nd7 {[%emt 0:00:03]} 10. h4 {[%emt 0:08:19]} f5 {[%emt 0:07:55]} 11. a4 {[%emt 0:16:46]} c6 {[%emt 0:01:26]} 12. Nd2 {[%emt 0:05:41]} Kc7 {[%emt 0:00:43]} 13. a5 {[%emt 0:00:24]} Rf8 {[%emt 0:03:20]} 14. Nc4 {[%emt 0:07:02]} f4 {[%emt 0:00:09]} 15. gxf4 {[%emt 0:08:33]} exf4 {[%emt 0:00:31]} 16. Bd4 {[%emt 0:00:45]} Bf6 {[%emt 0:06:47]} 17. e3 {[%emt 0:07:23]} Bxd4 {[%emt 0:04:30]} 18. exd4 {[%emt 0:04:16]} Nf6 {[%emt 0:05:34]} 19. Rhe1 {[%emt 0:09:34]} Ned5 {[%emt 0:03:44]} 20. Nxd5+ {[%emt 0:02:25]} Nxd5 {[%emt 0:03:33]} 21. Rd3 {[%emt 0:09:26]} Bf5 {[%emt 0:07:25]} 22. Rb3 {[%emt 0:00:05]} Rad8 {[%emt 0:02:50]} 23. Ne5 {[%emt 0:01:24]} Rfe8 {[%emt 0:10:07]} 24. Rd1 {[%emt 0:00:07]} a6 {[%emt 0:03:53]} 25. Bf3 {[%emt 0:01:01]} Nf6 {[%emt 0:02:16]} 26. Rc3 {[%emt 0:03:06]} Be4 {[%emt 0:01:21]} 27. Bxe4 {[%emt 0:01:40]} Nxe4 {[%emt 0:00:04]} 28. Rf3 {[%emt 0:00:08]} g5 {[%emt 0:00:08]} 29. c3 {[%emt 0:00:43]} Nd6 {[%emt 0:22:43]} 30. b4 {[%emt 0:00:49]} Re7 {[%emt 0:02:56]} 31. hxg5 {[%emt 0:00:36]} hxg5 {[%emt 0:00:25]} 32. Rg1 {[%emt 0:00:24]} Ne4 {[%emt 0:01:14]} 33. Kc2 {[%emt 0:00:40]} Rd6 {[%emt 0:02:24]} 34. Re1 {[%emt 0:00:21]} 1/2-1/2

[Event "4NCL Div 1 2018-19"]
[Site "Telford"]
[Date "2019.02.10"]
[Round "6.14"]
[White "Taylor, Adam C"]
[Black "Taylor, Martin R"]
[Result "1-0"]
[WhiteElo "2372"]
[BlackElo "2337"]
[Annotator "NA"]
[PlyCount "81"]
[EventDate "2018.11.10"]
[EventType "team-tourn"]
[EventCountry "GBR"]
[SourceTitle "playchess.com"]
[Source "ChessBase"]
[SourceQuality "1"]
[TimeControl "40/6000+30:3000+30"]

1. Nf3 {[%emt 0:01:38]} d5 {[%emt 0:00:00]} 2. g3 {[%emt 0:00:12]} Nf6 {[%emt 0:00:00]} 3. Bg2 {[%emt 0:00:04]} Bf5 {[%emt 0:00:21]} 4. O-O {[%emt 0:00:09]} e6 {[%emt 0:01:12]} 5. c4 {[%emt 0:00:08]} c6 {[%emt 0:01:57]} 6. Nc3 {[%emt 0:00:24]} Be7 {[%emt 0:02:36]} 7. Qb3 {[%emt 0:01:34]} Qb6 {[%emt 0:02:27]} 8. d3 {[%emt 0:00:05]} Nbd7 {[%emt 0:14:17]} 9. Be3 {[%emt 0:01:51]} Qxb3 {[%emt 0:10:52]} 10. axb3 {[%emt 0:00:04]} a6 {[%emt 0:02:48]} 11. Nh4 {[%emt 0:00:07]} Bg6 {[%emt 0:06:30]} 12. h3 {[%emt 0:01:18]} O-O {[%emt 0:07:53]} 13. f4 {[%emt 0:07:16]} Ne8 {[%emt 0:03:45]} 14. Nxg6 {[%emt 0:06:02]} hxg6 {[%emt 0:00:07]} 15. Bf2 {[%emt 0:04:10]} Nc7 {[%emt 0:21:27]} 16. Na4 {[%emt 0:04:42]} Rad8 {[%emt 0:06:41]} 17. Be1 {[%emt 0:11:31]} Rfe8 {[%emt 0:05:10]} 18. Kh2 {[%emt 0:03:43]} dxc4 {[%emt 0:09:02]} 19. bxc4 {[%emt 0:01:21]} e5 {[%emt 0:00:54]} 20. Ba5 {[%emt 0:01:28]} Rc8 {[%emt 0:00:12]} 21. fxe5 {[%emt 0:02:15]} Ne6 {[%emt 0:09:25]} 22. Nb6 {[%emt 0:01:00]} Nxb6 {[%emt 0:00:13]} 23. Bxb6 {[%emt 0:00:02]} Bc5 {[%emt 0:01:36]} 24. Bxc5 {[%emt 0:00:57]} Nxc5 {[%emt 0:00:01]} 25. d4 {[%emt 0:01:33]} Nb3 {[%emt 0:00:29]} 26. Rad1 {[%emt 0:00:10]} c5 {[%emt 0:00:59]} 27. e3 {[%emt 0:01:41]} Re7 {[%emt 0:01:07]} 28. Bd5 {[%emt 0:02:37]} Na5 {[%emt 0:00:54]} 29. Rf4 {[%emt 0:03:35]} cxd4 {[%emt 0:00:40]} 30. exd4 {[%emt 0:01:36]} Nxc4 {[%emt 0:00:43]} 31. Rxf7 {[%emt 0:04:52]} Rxf7 {[%emt 0:00:16]} 32. Rf1 {[%emt 0:00:02]} Rcc7 {[%emt 0:00:32]} 33. Rxf7 {[%emt 0:00:08]} Rxf7 {[%emt 0:00:06]} 34. Bxc4 {[%emt 0:00:04]} b5 {[%emt 0:00:52]} 35. Bxf7+ {[%emt 0:00:07]} Kxf7 {[%emt 0:00:02]} 36. Kg2 {[%emt 0:00:09]} a5 {[%emt 0:00:16]} 37. Kf2 {[%emt 0:00:04]} a4 {[%emt 0:00:11]} 38. Ke2 {[%emt 0:00:20]} b4 {[%emt 0:00:27]} 39. Kd3 {[%emt 0:00:16]} a3 {[%emt 0:00:07]} 40. bxa3 {[%emt 0:00:06]} bxa3 {[%emt 0:00:01]} 41. Ke4 {[%emt 0:00:12]} 1-0

[Event "4NCL Div 1 2018-19"]
[Site "Telford"]
[Date "2019.02.10"]
[Round "6.14"]
[White "Walton, Alan J"]
[Black "Arkell, Keith C"]
[Result "0-1"]
[WhiteElo "2140"]
[BlackElo "2443"]
[Annotator "TA"]
[PlyCount "96"]
[EventDate "2018.11.10"]
[EventType "team-tourn"]
[EventCountry "GBR"]
[SourceTitle "playchess.com"]
[Source "ChessBase"]
[SourceQuality "1"]

{[%evp 22,96,21,0,0,0,4,-5,0,-4,0,0,34,0,3,-7,-7,-5,-8,-5,-1,-8,-5,-16,0,-17,0,0,0,-14,-12,-29,-18,-41,-25,-55,0,-17,0,0,0,0,0,-42,-37,-106,-112,-112,-120,-103,-108,-153,-172,-181,-175,-169,-169,-163,-154,-329,-321,-300,-295,-617,-258,-349,-291,-29982,-722,-710,-710,-641,-578,-437,-159,-130,-152]} 1. d4 Nf6 2. Bg5 e6 3. e3 c5 4. c3 cxd4 5. exd4 Be7 6. Bd3 b6 7. Nf3 Bb7 8. Nbd2 d6 9. O-O Nbd7 10. Qe2 O-O 11. Rfe1 Re8 12. Rad1 a6 {A47: 1 d4 Nf6 2 Nf3 b6: Torre, London and Colle Systems} 13. Bh4 $146 ({Predecessor:} 13. Nf1 Nf8 14. Ng3 Qc7 15. c4 N8d7 16. Bb1 Bf8 {0-1 (47) Rasgido,A (1981)-Bielicki,C (2225) Buenos Aires 2018}) 13... Nf8 14. Bxf6 (14. a4 {is interesting.} Ng6 15. Bxf6 Bxf6 16. g3 Qc7 17. Be4) 14... Bxf6 {The position is equal.} 15. Be4 Bxe4 16. Nxe4 b5 17. Nxf6+ Qxf6 18. a3 Nd7 {[%cal Bf8d7,Bd7b6,Bb6d5][%mdl 32]} 19. Nd2 Nb6 20. Ne4 Qe7 21. Rd3 Nd5 {Hoping for ...Nf4.} 22. Qd2 h6 23. Ng3 Kh7 24. Rf3 g6 25. Ne4 Kg7 26. Qe2 f5 27. Ng3 Qg5 28. b3 Kh7 29. c4 bxc4 30. bxc4 Nf4 $36 {[%mdl 2048] White is under pressure.} 31. Qf1 e5 32. Rfe3 {[%cal Rd4e5]} e4 33. Rb1 ({Better is} 33. Rb3 $15) 33... Rab8 $17 34. Reb3 Rxb3 35. Rxb3 h5 36. Rb7+ Kh6 $1 37. Ne2 Nxe2+ 38. Qxe2 $19 {[%mdl 4096] Endgame KQR-KQR} Qc1+ 39. Qf1 Qxa3 40. c5 $2 (40. Rb1 $17) 40... dxc5 41. dxc5 Qxc5 42. Qa1 $2 (42. Rb1) 42... Qe5 (42... e3 $142 43. fxe3 Qxe3+ 44. Kf1 h4) 43. Qc1+ e3 44. Ra7 $2 {[#]} (44. fxe3 $19 Qxe3+ 45. Qxe3+ Rxe3 46. Kf2) 44... f4 (44... Rc8 $142 $1 {[%mdl 512]} 45. Rh7+ (45. Qxc8 Qa1+) 45... Kxh7 46. Qe1 {[#]} Qa5 $1 {[%mdl 512]} 47. Kf1 e2+ $1 {[%mdl 576] Decoy} 48. Kxe2 Re8+ {[%mdl 64] Skewer} 49. Kd3 Qxe1 50. Kc4 Rc8+ 51. Kb3 Qb1+ 52. Ka4 Qa2+ {[%mdl 64] Double Attack} 53. Kb4 Rc4#) 45. fxe3 Qxe3+ 46. Qxe3 fxe3 ({Not} 46... Rxe3 47. Rxa6 h4 48. Kf2 $17) 47. Kf1 e2+ $2 (47... Rf8+ $19 {and Black stays clearly on top.} 48. Ke2 Rf2+ 49. Kxe3 Rxg2) 48. Ke1 $17 Re6 {Accuracy: White = 32%, Black = 53%.} 0-1

[Event "4NCL Div 1 2018-19"]
[Site "Telford"]
[Date "2019.02.10"]
[Round "6.15"]
[White "Kirk, Ezra"]
[Black "Longson, Sarah N"]
[Result "1-0"]
[WhiteElo "2439"]
[BlackElo "2101"]
[Annotator "TA"]
[PlyCount "49"]
[EventDate "2018.11.10"]
[EventType "team-tourn"]
[EventCountry "GBR"]
[SourceTitle "playchess.com"]
[Source "ChessBase"]
[SourceQuality "1"]

{[%evp 19,49,0,0,10,0,4,6,0,7,0,22,27,29,31,28,0,0,-1,39,37,41,27,78,80,751,489,472,490,552,539,553,538]} 1. d4 d5 2. c4 dxc4 3. Nf3 Nf6 4. e3 e6 5. Bxc4 a6 6. O-O c5 7. Bb3 Be7 8. Nc3 Nc6 9. Qe2 cxd4 10. Rd1 O-O 11. Nxd4 {D27: Queen's Gambit Accepted: Classical main line: 7 e4!? and 7 a4} Qc7 12. Nxc6 Qxc6 13. e4 {The position is equal.} b5 14. Bg5 {[#] Black must now prevent e5.} Bb7 {[%cal Rf6e4]} (14... h6 $5 {[%cal Rh6g5]} 15. Bf4 Bc5 $11) 15. Rac1 {Threatens to win with Nd5.} Qe8 $1 16. e5 Nd7 17. Bf4 Nc5 {[#]} 18. Qg4 $146 ({Predecessor:} 18. Bc2 Qc6 {0-1 (37) Georgiev,V (2540)-Sorokin,M (2570) Linares 1999}) 18... Kh8 19. Bc2 b4 20. Ne2 {[%cal Bc3e2,Be2g3,Bg3f5,Bf5e7][%mdl 32]} Qb8 (20... Rd8 $11) 21. Ng3 $40 {[%mdl 128] Strongly threatening Bxh7! White is out for blood.} Bd5 $2 {[%mdl 8192] [#]} (21... Rd8 $16) 22. Rxd5 $1 {[%mdl 576] Deflection. White is clearly winning.} exd5 23. Nf5 $1 {[%csl Gf5,LRe7,LRg7][%cal Rg4g7][%mdl 64] Double Attack} Ne6 24. Nxe7 Nxf4 25. Qxf4 1-0

[Event "4NCL Div 1 2018-19"]
[Site "Telford"]
[Date "2019.02.10"]
[Round "6.15"]
[White "Jackson, James P"]
[Black "Houska, Jovanka"]
[Result "1/2-1/2"]
[WhiteElo "2383"]
[BlackElo "2424"]
[Annotator "NA"]
[PlyCount "63"]
[EventDate "2018.11.10"]
[EventType "team-tourn"]
[EventCountry "GBR"]
[SourceTitle "playchess.com"]
[Source "ChessBase"]
[SourceQuality "1"]
[TimeControl "40/6000+30:3000+30"]

1. e4 {[%emt 0:00:00]} c6 {[%emt 0:00:00]} 2. d4 {[%emt 0:00:00]} d5 {[%emt 0:00:00]} 3. e5 {[%emt 0:00:00]} Bf5 {[%emt 0:00:09]} 4. h4 {[%emt 0:00:00]} h5 {[%emt 0:00:14]} 5. Bd3 {[%emt 0:00:00]} Bxd3 {[%emt 0:00:05]} 6. Qxd3 {[%emt 0:00:00]} Qa5+ {[%emt 0:00:05]} 7. Nd2 {[%emt 0:00:30]} e6 {[%emt 0:00:09]} 8. Ngf3 {[%emt 0:00:48]} Qa6 {[%emt 0:00:28]} 9. c4 {[%emt 0:00:38]} Nh6 {[%emt 0:00:42]} 10. O-O {[%emt 0:01:24]} Nf5 {[%emt 0:02:06]} 11. b3 {[%emt 0:02:31]} Be7 {[%emt 0:01:35]} 12. g3 {[%emt 0:09:54]} Nd7 {[%emt 0:03:16]} 13. a4 {[%emt 0:03:16]} c5 {[%emt 0:05:42]} 14. Ba3 {[%emt 0:08:16]} g6 {[%emt 0:08:06]} 15. Qb1 {[%emt 0:12:47]} cxd4 {[%emt 0:10:41]} 16. cxd5 {[%emt 0:05:59]} Bxa3 {[%emt 0:02:14]} 17. dxe6 {[%emt 0:00:43]} Qxe6 {[%emt 0:00:42]} 18. Rxa3 {[%emt 0:09:27]} O-O {[%emt 0:03:16]} 19. Re1 {[%emt 0:00:43]} Rfe8 {[%emt 0:00:40]} 20. b4 {[%emt 0:04:18]} Qd5 {[%emt 0:07:10]} 21. Qe4 {[%emt 0:08:18]} Qxe4 {[%emt 0:00:07]} 22. Nxe4 {[%emt 0:03:25]} Rac8 {[%emt 0:03:45]} 23. a5 {[%emt 0:03:22]} Kg7 {[%emt 0:04:03]} 24. Neg5 {[%emt 0:07:40]} Nf8 {[%emt 0:01:41]} 25. Rb3 {[%emt 0:06:00]} Rc2 {[%emt 0:04:46]} 26. Rd1 {[%emt 0:05:01]} Rd8 {[%emt 0:04:53]} 27. Kf1 {[%emt 0:00:26]} Rd5 {[%emt 0:00:52]} 28. Re1 {[%emt 0:03:30]} Rb5 {[%emt 0:06:49]} 29. Re2 {[%emt 0:01:02]} Rc1+ {[%emt 0:00:06]} 30. Re1 {[%emt 0:02:57]} Rc2 {[%emt 0:01:04]} 31. Re2 {[%emt 0:00:07]} Rc1+ {[%emt 0:01:43]} 32. Re1 {[%emt 0:00:10]} 1/2-1/2

[Event "4NCL Div 1 2018-19"]
[Site "Telford"]
[Date "2019.02.10"]
[Round "6.16"]
[White "McDonald, Neil"]
[Black "Bhatia, Kanwal K"]
[Result "1-0"]
[WhiteElo "2408"]
[BlackElo "2053"]
[Annotator "NA"]
[PlyCount "75"]
[EventDate "2018.11.10"]
[EventType "team-tourn"]
[EventCountry "GBR"]
[SourceTitle "playchess.com"]
[Source "ChessBase"]
[SourceQuality "1"]
[TimeControl "40/6000+30:3000+30"]

1. e4 {[%emt 0:00:00]} e5 {[%emt 0:00:02]} 2. Nf3 {[%emt 0:00:00]} Nc6 {[%emt 0:00:12]} 3. Bb5 {[%emt 0:00:00]} a6 {[%emt 0:00:08]} 4. Ba4 {[%emt 0:00:00]} Nf6 {[%emt 0:00:20]} 5. Qe2 {[%emt 0:00:08]} b5 {[%emt 0:01:24]} 6. Bb3 {[%emt 0:00:06]} Be7 {[%emt 0:00:08]} 7. c3 {[%emt 0:00:55]} O-O {[%emt 0:00:24]} 8. d3 {[%emt 0:00:41]} d6 {[%emt 0:13:35]} 9. Nbd2 {[%emt 0:01:37]} Na5 {[%emt 0:00:49]} 10. Bc2 {[%emt 0:01:15]} c5 {[%emt 0:00:46]} 11. Nf1 {[%emt 0:01:54]} Nc6 {[%emt 0:01:15]} 12. Ng3 {[%emt 0:01:28]} Re8 {[%emt 0:04:13]} 13. O-O {[%emt 0:02:15]} Bf8 {[%emt 0:02:44]} 14. a4 {[%emt 0:05:37]} Rb8 {[%emt 0:06:48]} 15. axb5 {[%emt 0:01:16]} axb5 {[%emt 0:00:05]} 16. h3 {[%emt 0:06:17]} d5 {[%emt 0:04:32]} 17. Bg5 {[%emt 0:03:22]} Be7 {[%emt 0:05:47]} 18. d4 {[%emt 0:13:48]} cxd4 {[%emt 0:03:09]} 19. cxd4 {[%emt 0:05:39]} dxe4 {[%emt 0:01:45]} 20. Nxe4 {[%emt 0:01:48]} Nxd4 {[%emt 0:01:06]} 21. Nxd4 {[%emt 0:01:36]} Qxd4 {[%emt 0:15:28]} 22. Bxf6 {[%emt 0:13:57]} Bxf6 {[%emt 0:12:24]} 23. Qh5 {[%emt 0:14:23]} Qb6 {[%emt 0:02:53]} 24. Nxf6+ {[%emt 0:02:34]} Qxf6 {[%emt 0:00:39]} 25. Qxh7+ {[%emt 0:01:20]} Kf8 {[%emt 0:00:04]} 26. Ra7 {[%emt 0:08:08]} Bb7 {[%emt 0:05:39]} 27. Be4 {[%emt 0:02:44]} Qb6 {[%emt 0:03:25]} 28. Rfa1 {[%emt 0:05:19]} g6 {[%emt 0:08:42]} 29. Qh8+ {[%emt 0:04:36]} Ke7 {[%emt 0:00:06]} 30. Qxe5+ {[%emt 0:00:34]} Kf8 {[%emt 0:00:15]} 31. Qh8+ {[%emt 0:00:14]} Ke7 {[%emt 0:00:05]} 32. Qh4+ {[%emt 0:00:23]} g5 {[%emt 0:06:37]} 33. Qxg5+ {[%emt 0:00:40]} Kf8 {[%emt 0:00:04]} 34. Rxb7 {[%emt 0:02:18]} Rxb7 {[%emt 0:00:19]} 35. Bxb7 {[%emt 0:00:07]} Qxb7 {[%emt 0:00:04]} 36. Qh6+ {[%emt 0:00:54]} Ke7 {[%emt 0:00:32]} 37. Qh4+ {[%emt 0:01:18]} Kd7 {[%emt 0:00:48]} 38. Qd4+ {[%emt 0:00:18]} 1-0

[Event "4NCL Div 1 2018-19"]
[Site "Telford"]
[Date "2019.02.10"]
[Round "6.16"]
[White "Reeve, Andy K"]
[Black "Steil-Antoni, Fiona"]
[Result "1/2-1/2"]
[WhiteElo "2085"]
[BlackElo "2166"]
[Annotator "NA"]
[PlyCount "38"]
[EventDate "2018.11.10"]
[EventType "team-tourn"]
[EventCountry "GBR"]
[SourceTitle "playchess.com"]
[Source "ChessBase"]
[SourceQuality "1"]
[TimeControl "40/6000+30:3000+30"]

1. c4 {[%emt 0:00:00]} e5 {[%emt 0:04:44]} 2. Nc3 {[%emt 0:00:22]} Nc6 {[%emt 0:00:34]} 3. Nf3 {[%emt 0:01:21]} f5 {[%emt 0:00:47]} 4. d4 {[%emt 0:03:53]} e4 {[%emt 0:01:40]} 5. Ng1 {[%emt 0:10:53]} Nf6 {[%emt 0:01:16]} 6. h4 {[%emt 0:11:23]} d5 {[%emt 0:09:29]} 7. e3 {[%emt 0:04:44]} Be6 {[%emt 0:11:01]} 8. b3 {[%emt 0:14:53]} Bb4 {[%emt 0:07:05]} 9. Bd2 {[%emt 0:00:21]} Ne7 {[%emt 0:02:21]} 10. Na4 {[%emt 0:06:25]} Bxd2+ {[%emt 0:05:15]} 11. Qxd2 {[%emt 0:00:43]} c6 {[%emt 0:01:49]} 12. Nh3 {[%emt 0:01:56]} O-O {[%emt 0:03:45]} 13. Be2 {[%emt 0:04:01]} b6 {[%emt 0:04:39]} 14. Nf4 {[%emt 0:04:00]} Bf7 {[%emt 0:01:16]} 15. Rc1 {[%emt 0:03:05]} Ng6 {[%emt 0:03:54]} 16. Nxg6 {[%emt 0:01:35]} Bxg6 {[%emt 0:02:57]} 17. g3 {[%emt 0:01:25]} Qd6 {[%emt 0:03:56]} 18. Kf1 {[%emt 0:05:51]} Bh5 {[%emt 0:07:34]} 19. Kg2 {[%emt 0:02:53]} Rad8 {[%emt 0:05:55]} 1/2-1/2

[Event "4NCL Div 1 2018-19"]
[Site "Telford"]
[Date "2019.02.10"]
[Round "6.17"]
[White "Fitzsimons, David"]
[Black "Ris, Robert"]
[Result "1/2-1/2"]
[WhiteElo "2301"]
[BlackElo "2450"]
[Annotator "ChessBase"]
[PlyCount "144"]
[EventDate "2018.11.10"]
[EventType "team-tourn"]
[EventCountry "GBR"]
[SourceTitle "playchess.com"]
[Source "ChessBase"]
[SourceQuality "1"]
[TimeControl "40/6000+30:3000+30"]

1. e4 {[%emt 0:00:00]} c6 {[%emt 0:00:00]} 2. d4 {[%emt 0:00:00]} d5 {[%emt 0:00:04]} 3. exd5 {[%emt 0:00:01]} cxd5 {[%emt 0:00:15]} 4. Bd3 {[%emt 0:00:05]} Nc6 {[%emt 0:01:30]} 5. c3 {[%emt 0:00:08]} g6 {[%emt 0:01:29]} 6. Nf3 {[%emt 0:00:46]} Bg7 {[%emt 0:00:32]} 7. h3 {[%emt 0:03:41]} Nh6 {[%emt 0:02:44]} 8. Bf4 {[%emt 0:00:46]} Bf5 {[%emt 0:08:45]} 9. Be2 {[%emt 0:02:48]} f6 {[%emt 0:02:35]} 10. c4 {[%emt 0:01:17]} Bxb1 {[%emt 0:21:11]} 11. Rxb1 {[%emt 0:03:28]} e6 {[%emt 0:03:32]} 12. O-O {[%emt 0:06:39]} O-O {[%emt 0:12:59]} 13. Rc1 {[%emt 0:11:28]} Qd7 14. cxd5 {[%emt 0:00:45]} exd5 15. Qa4 {[%emt 0:07:19]} Nf5 {[%emt 0:09:20]} 16. Rc5 {[%emt 0:03:15]} Rf7 {[%emt 0:01:23]} 17. Bb5 {[%emt 0:02:47]} Nfe7 {[%emt 0:00:53]} 18. Rfc1 {[%emt 0:05:05]} a6 {[%emt 0:06:05]} 19. Bf1 {[%emt 0:10:43]} Nf5 {[%emt 0:17:59]} 20. Bb5 {[%emt 0:02:17]} Nfe7 {[%emt 0:00:00]} 21. R5c3 {[%emt 0:15:52]} Rd8 {[%emt 0:00:00]} 22. Bf1 {[%emt 0:01:26]} Bf8 {[%emt 0:00:00]} 23. a3 {[%emt 0:02:17]} g5 {[%emt 0:02:49]} 24. Bh2 {[%emt 0:02:42]} h5 {[%emt 0:01:16]} 25. Qd1 {[%emt 0:08:17]} Rg7 {[%emt 0:01:41]} 26. Ne1 {[%emt 0:03:15]} g4 {[%emt 0:02:24]} 27. Nd3 {[%emt 0:05:27]} Ng6 {[%emt 0:04:06]} 28. Nc5 {[%emt 0:01:54]} Bxc5 {[%emt 0:00:44]} 29. Rxc5 {[%emt 0:00:15]} Qf5 {[%emt 0:00:45]} 30. R1c3 {[%emt 0:04:30]} Kh8 {[%emt 0:07:58]} 31. Qd2 {[%emt 0:01:54]} Re8 {[%emt 0:01:46]} 32. Bd3 {[%emt 0:01:20]} Qe6 {[%emt 0:00:23]} 33. Bf1 {[%emt 0:02:05]} Qe1 {[%emt 0:00:40]} 34. Qxe1 {[%emt 0:00:31]} Rxe1 {[%emt 0:00:01]} 35. Rxd5 {[%emt 0:01:00]} Rge7 {[%emt 0:00:46]} 36. Re3 {[%emt 0:00:00]} R7xe3 {[%emt 0:00:47]} 37. fxe3 {[%emt 0:00:00]} Rxe3 {[%emt 0:00:18]} 38. Rxh5+ {[%emt 0:00:49]} Kg7 {[%emt 0:00:01]} 39. hxg4 {[%emt 0:00:23]} Nxd4 {[%emt 0:01:08]} 40. Rd5 {[%emt 0:00:37]} Nc6 {[%emt 0:00:33]} 41. g5 {[%emt 0:06:12]} Nge5 {[%emt 0:07:15]} 42. Bf4 {[%emt 0:03:08]} Rb3 {[%emt 0:03:51]} 43. Rd2 {[%emt 0:02:48]} fxg5 {[%emt 0:07:07]} 44. Bxg5 {[%emt 0:01:09]} Kg6 {[%emt 0:03:17]} 45. Bh4 {[%emt 0:01:37]} Kf5 {[%emt 0:01:56]} 46. Be2 {[%emt 0:00:56]} Re3 {[%emt 0:01:47]} 47. Bf2 {[%emt 0:03:06]} Re4 {[%emt 0:00:15]} 48. b3 {[%emt 0:01:26]} Ke6 {[%emt 0:01:27]} 49. g3 {[%emt 0:03:02]} Na5 {[%emt 0:02:35]} 50. Bd1 {[%emt 0:02:23]} Ng4 {[%emt 0:00:59]} 51. Re2 {[%emt 0:04:06]} Rxe2 {[%emt 0:02:59]} 52. Bxe2 {[%emt 0:00:05]} Nxf2 {[%emt 0:00:05]} 53. Kxf2 {[%emt 0:00:04]} Ke5 {[%emt 0:02:12]} 54. b4 {[%emt 0:00:50]} Nb3 {[%emt 0:00:14]} 55. Ke3 {[%emt 0:00:28]} Nd4 {[%emt 0:03:29]} 56. Bd3 {[%emt 0:00:05]} Nc6 {[%emt 0:02:14]} 57. Be4 {[%emt 0:01:07]} Nd8 {[%emt 0:00:20]} 58. a4 {[%emt 0:01:03]} b6 {[%emt 0:00:41]} 59. a5 {[%emt 0:00:45]} bxa5 {[%emt 0:00:25]} 60. bxa5 {[%emt 0:00:01]} Ne6 {[%emt 0:00:12]} 61. Bf3 {[%emt 0:13:39]} Nc5 {[%emt 0:00:31]} 62. Kd2 {[%emt 0:00:22]} Kd4 {[%emt 0:01:43]} 63. g4 {[%emt 0:00:22]} Nb3+ {[%emt 0:00:18]} 64. Kc2 {[%emt 0:01:47]} Nxa5 {[%emt 0:00:06]} 65. g5 {[%emt 0:00:17]} Ke5 {[%emt 0:00:11]} 66. Bg4 {[%emt 0:01:28]} Nc6 {[%emt 0:00:46]} 67. Kc3 {[%emt 0:00:04]} Kf4 {[%emt 0:01:34]} 68. g6 {[%emt 0:00:33]} Kxg4 {[%emt 0:00:17]} 69. g7 {[%emt 0:00:04]} Ne7 {[%emt 0:00:05]} 70. Kb4 {[%emt 0:00:03]} Kg5 {[%emt 0:00:10]} 71. Ka5 {[%emt 0:00:17]} Kg6 {[%emt 0:00:05]} 72. Kxa6 {[%emt 0:00:04]} Kxg7 {[%emt 0:00:04]} 1/2-1/2